| 000 | 00649nam a22002057a 4500 | ||
|---|---|---|---|
| 999 |
_c15123 _d15123 |
||
| 003 | AR-CdUCM | ||
| 008 | 190425b ||||| |||| 00| 0 spa d | ||
| 020 | _a978-612-4039-90-4 | ||
| 040 |
_aMUNICIPALIDAD PROVINCIAL DEL CUSCO _cBIBLIOTECA MUNICIPAL DEL CUSCO |
||
| 082 |
_aEP / 376.1 / _bM39 / e.2 |
||
| 100 |
_aMejia, Jose Luis _926887 |
||
| 245 | _aJosefa y los Opuestos / | ||
| 260 |
_aLima ; _bSantillana, _c2015. |
||
| 300 |
_a31 paginas ; _bIlustraciones, _c22 cm. |
||
| 440 |
_aCuenta cosas Alfaguara _951591 |
||
| 650 |
_aTexto infantil _929090 |
||
| 700 |
_aAna Loli (editor) _934148 |
||
| 942 |
_2ddc _cLIBROS |
||
| 945 |
_arjall _d2019-04-25 |
||